000 00717nam a2200229Ii 4500
003 JO-AjNU
008 230605s9999||||xx |||||||||||||| ||und||
017 _a2009/7/3292
020 _a9957-16-127-9
040 _aJO-AjNU
_bara
_erda
_cJO-AjNU
041 _aara
050 1 4 _aJX1684.F3782.2010
100 3 _a الفتلاوي ، سهيل حسين ,
_eauthor
_925848
245 0 0 _aالقانون الدبلوماسي
250 _aط1
264 3 1 _aعمان : دار الثقافة ، 2010
300 _a664ص
336 _atext
_btxt
_2rdacontent
337 _aunmediated
_bn
_2rdamedia
338 _avolume
_bnc
_2rdacarrier
650 4 _aالقانون الدبلوماسي -- الدبلوماسية
_925849
999 _aA9721
_c13289
_d13289